| 000 | 00586nam a2200181Ia 4500 | ||
|---|---|---|---|
| 008 | 140626s9999 xx 000 0 und d | ||
| 100 | _aAckerman, Rakefet. | ||
| 245 |
_aResponse latency as predictor of the accuracy of children's reports / _cRakefet Ackerman ... [et al.]. |
||
| 260 | _cc2011. | ||
| 300 | _a17 : 4, page 406 | ||
| 440 | _aJournal of Experimental Psycholgy : Applied | ||
| 521 | _aPSYCH | ||
| 650 | _aChildren as witnesses. | ||
| 650 | _aConfidence-accuracy relationship. | ||
| 650 | _aMetacognitive development. | ||
| 650 | _aResponse latency. | ||
| 942 | _cSE | ||
| 999 |
_c121332 _d121332 |
||